000 00455nam a2200181Ia 4500
008 230125s9999 xx 000 0 und d
020 _a9788176491396
041 _aeng
082 _a658.312 44
_bKNE
100 _aKneeland S
_9115932
245 _aThe Things that really matter about Hiring People
250 _a1st Ed.
260 _c2007
_bViva Books
_aNew Delhi
300 _a62p
700 _aKneeland S
_9115932
906 _b21
999 _c96392
_d96392